000
00278nam a22001337a 4500
008
180927b xxu||||| |||| 00| 0 eng d
020
_a
39432983-X
041
_a
eng
080
_2
2nd
_a
541
100
_a
12
101
_a
KIM
245
_a
Chemistry
_c
Chang,R
942
_2
udc
_c
BK
999
_c
48536
_d
48536